| 000 | 00000nam 2200000zi 4500 |
| 001 | 9.930579 |
| 003 | CaOODSP |
| 005 | 20240718123404 |
| 006 | m o d f |
| 007 | cr |n||||||||| |
| 008 | 231121e202312 oncbd ob f000 0 fre d |
| 020 | |a9780660689210 |
| 040 | |aCaOODSP|bfre|erda|cCaOODSP |
| 043 | |an-cn--- |
| 086 | 1 |aFs70-5/2023-068F-PDF |
| 100 | 1 |aTinker, M. Tim |eauteur.|q(Martin Tim),|d1966- |
| 245 | 10|aEstimation de l'abonde des phoques du Groenland de l'Atlantique nord-ouest à l'aide d'une approche de modélisation bayésienne / |cM. Tim. Tinker, Garry B. Stenson, Arnaud Mosnier et Mike O. Hammill. |
| 264 | 1|aOttawa (Ontario) : |bSecrétariat canadien de consultation scientifique (SCCS), |cDécembre 2023. |
| 264 | 4|c©2023 |
| 300 | |a1 ressource en ligne (iv, 60 pages) : |bcartes, graphiques. |
| 336 | |atexte|btxt|2rdacontent/fre |
| 337 | |ainformatique|bc|2rdamedia/fre |
| 338 | |aressource en ligne|bcr|2rdacarrier/fre |
| 490 | 1 |aDocument de recherche, |x2292-4272 ; |v2023/068 |
| 500 | |aPublié aussi en anglais sous le titre : Estimating abundance of northwest Atlantic harp seal using a Bayesian modelling approach. |
| 504 | |aComprend des références bibliographiques (pages 43-46). |
| 650 | 6|aPhoque du Groenland|zAtlantique Nord. |
| 650 | 6|aPhoques|xPopulations|xEstimation|zAtlantique Nord. |
| 710 | 2 |aSecrétariat canadien de consultation scientifique, |eorganisme de publication. |
| 710 | 1 |aCanada. |bMinistère des pêches et des océans, |eorganisme de publication. |
| 775 | 08|tEstimating abundance of northwest Atlantic harp seal using a Bayesian modelling approach / |w(CaOODSP)9.930578 |
| 830 | #0|aDocument de recherche (Secrétariat canadien de consultation scientifique)|v2023/068.|w(CaOODSP)9.503788 |
| 856 | 40|qPDF|s3.08 Mo|uhttps://publications.gc.ca/collections/collection_2023/mpo-dfo/fs70-5/Fs70-5-2023-068-fra.pdf |